TEACHER -LED: RESEARCH (Record no. 216537)

MARC details
000 -LEADER
fixed length control field 00530nam a22001697a 4500
008 - FIXED-LENGTH DATA ELEMENTS--GENERAL INFORMATION
fixed length control field 260204b |||||||| |||| 00| 0 eng d
020 ## - INTERNATIONAL STANDARD BOOK NUMBER
International Standard Book Number 978-184590990-1
050 ## - LIBRARY OF CONGRESS CALL NUMBER
Classification number LB 1028.C498 2016
Item number C.1
100 ## - MAIN ENTRY--PERSONAL NAME
Personal name CHURCHES,RICHARD
245 ## - TITLE STATEMENT
Title TEACHER -LED: RESEARCH
Remainder of title EDUCATIONAL RESEARCH
260 ## - PUBLICATION, DISTRIBUTION, ETC.
Place of publication, distribution, etc. CARMARTHEN,WALES
Name of publisher, distributor, etc. CROWN HOUSE PUBLISHING COMPANY
300 ## - PHYSICAL DESCRIPTION
Extent X1V,153P:,ILL.
650 ## - SUBJECT ADDED ENTRY
Topical term or geographic name entry element EDUCATIONAL RESA=EARCH,TEACHER- PROFESSIONAL DEVELOPMENT
700 ## - ADDED ENTRY--PERSONAL NAME
Personal name ELEANOR, DOMMETT
942 ## - ADDED ENTRY ELEMENTS (KOHA)
Source of classification or shelving scheme Library of Congress Classification
Koha item type Long Loan Book
Holdings
Withdrawn status Lost status Source of classification or shelving scheme Damaged status Not for loan Collection Home library Current library Shelving location Date acquired Inventory number Total checkouts Full call number Barcode Date last seen Copy number Price effective from Koha item type
    Library of Congress Classification     Arts & Social Sciences Kisii University Library Kisii University Library On Display 02/04/2026 111518   LB 1028 .C498 2016 50270 02/04/2026 C.1 02/04/2026 Long Loan Book
    Library of Congress Classification     Arts & Social Sciences Kisii University Library Kisii University Library On Display 02/04/2026 111519   LB 1028 .C498 2016 50274 02/04/2026 C.2 02/04/2026 Long Loan Book
    Library of Congress Classification     Arts & Social Sciences Kisii University Library Kisii University Library On Display 02/04/2026 111520   LB 1028 .C498 2016 50277 02/04/2026 C.3 02/04/2026 Long Loan Book
    Library of Congress Classification     Arts & Social Sciences Kisii University Library Kisii University Library On Display 02/04/2026 111521   LB 1028 .C498 2016 50278 02/04/2026 C.4 02/04/2026 Long Loan Book
    Library of Congress Classification     Arts & Social Sciences Kisii University Library Kisii University Library On Display 02/04/2026 111522   LB 1028 .C498 2016 50279 02/04/2026 C.5 02/04/2026 Long Loan Book